| 000 | 00451nam a2200169 4500 | ||
|---|---|---|---|
| 001 | 117898 | ||
| 003 | ES-MaACL | ||
| 005 | 20230906191006.0 | ||
| 007 | t| | ||
| 008 | 070214s1917 it r ||||1| ita d | ||
| 100 | 1 |
_aPappalardo, Armando. _988883 |
|
| 245 | 1 | 0 |
_aSpiritismo / _cArmando Pappalardo. |
| 250 | _a5ª ed. riv. ed aum. | ||
| 260 |
_aMilano : _bHoepli, _c1917. |
||
| 300 |
_aXVI, 290 p., 10 lám. ; _c15 cm. |
||
| 852 |
_aES-MaACL _jD-4282 |
||
| 999 |
_c117898 _d117898 |
||